| 000 | 00485nam a2200169 4500 | ||
|---|---|---|---|
| 001 | 133377 | ||
| 003 | ES-MaACL | ||
| 005 | 20230906194406.0 | ||
| 007 | t| | ||
| 008 | 070214s1966 sp r ||||1| spa d | ||
| 100 | 1 |
_aRueda, Nieves. _9100512 |
|
| 245 | 1 | 3 |
_aLa voz en la mano / _cNieves Rueda. |
| 260 |
_aCastellón : _b[s. n.], _c1966 ( _fGráf. Hijos de F. Armengot) |
||
| 300 |
_a58 p. ; _c17 cm. |
||
| 852 |
_aES-MaACL _jC-28922 _bR.58373 |
||
| 852 |
_aES-MaACL _jC-29519 _bR.59570 |
||
| 999 |
_c133377 _d133377 |
||